Journal d´un missionaire au Texas et au Mexique par l´abbé E. Domenech, 1846-1852 (Record no. 2611)

MARC details
000 -CABECERA
campo de control de longitud fija 00630nam a2200193 a 4500
001 - NÚMERO DE CONTROL
campo de control BRCA_2872
005 - FECHA Y HORA DE LA ÚLTIMA TRANSACCIÓN
campo de control 20190320204017.0
008 - DATOS DE LONGITUD FIJA--INFORMACIÓN GENERAL
campo de control de longitud fija 111208s1872----fr-#---###---#000-0#fre-u
050 #4 - SIGNATURA TOPOGRÁFICA DE LA BIBLIOTECA DEL CONGRESO
Número de clasificación F391
Número de documento/Ítem .D66 1872
100 1# - ENTRADA PRINCIPAL--NOMBRE DE PERSONA
Nombre de persona Domenech, Emmanuel Henri Dieudonne
9 (RLIN) 8016
245 10 - MENCIÓN DE TÍTULO
Título Journal d´un missionaire au Texas et au Mexique par l´abbé E. Domenech, 1846-1852
Mención de responsabilidad, etc. Emmanuel Henri D. Domenech.
260 ## - PUBLICACIÓN, DISTRIBUCIÓN, ETC.
Lugar de publicación, distribución, etc. Paris
Nombre del editor, distribuidor, etc. G. Freres et J. Duprey
Fecha de publicación, distribución, etc. 1872
300 ## - DESCRIPCIÓN FÍSICA
Extensión xii, 417 p.
Dimensiones 18 cm.
500 ## - NOTA GENERAL
Nota general B17
651 #4 - PUNTO DE ACCESO ADICIONAL DE MATERIA--NOMBRE GEOGRÁFICO
Nombre geográfico Texas
Subdivisión general Descripción y viajes
9 (RLIN) 8017
651 #4 - PUNTO DE ACCESO ADICIONAL DE MATERIA--NOMBRE GEOGRÁFICO
Nombre geográfico México
Subdivisión general Descripción y viajes
9 (RLIN) 103
902 ## - CATALOGADOR
Iniciales GFM
942 ## - ELEMENTOS DE PUNTO DE ACCESO ADICIONAL (KOHA)
Fuente del sistema de clasificación o colocación Library of Congress Classification
Tipo de ítem Koha Libros
Holdings
Estado de retiro Estado de pérdida Estado dañado No para préstamo Localización permanente Ubicación/localización actual Fecha de adquisición Número de inventario Total de préstamos Signatura topográfica completa Código de barras Fecha visto por última vez Precio válido a partir de Tipo de ítem Koha
El ejemplar forma parte de la colección y puede ser consultado según las políticas vigentes.       Biblioteca del Museo Franz Mayer (Rogerio Casas-Alatriste) Biblioteca del Museo Franz Mayer (Rogerio Casas-Alatriste) 11/12/2008 B17   F391 .D66 1872 (B17) 2869 22/03/2019 22/03/2019 Libros